KOHA-Header-6

Consumer Behavior (Record no. 6596)

000 -LEADER
fixed length control field 00252nam a2200109Ia 4500
100 ## - MAIN ENTRY--AUTHOR NAME
Personal name David L. Laudon
245 #0 - TITLE STATEMENT
Title Consumer Behavior
260 ## - PUBLICATION, DISTRIBUTION, ETC. (IMPRINT)
Place of publication USA
Name of publisher McGraw -Hill
Year of publication 1993
300 ## - PHYSICAL DESCRIPTION
Number of Pages 788
942 ## - ADDED ENTRY ELEMENTS (KOHA)
Koha item type Books
Holdings
Withdrawn status Lost status Collection code Permanent Location Current Location Shelving location Date acquired Full call number Accession Number Koha item type
    Marketing MAJU MAJU   2019-09-07 658.83 3135 Marketing

Powered by Koha